ბათუმის შოთა რუსთაველის სახელმწიფო უნივერსიტეტის ბიბლიოთეკა

21st century Japanese management : (ბიბ.ჩანაწერი № 63956)

000 -LEADER
fixed length control field 00636nam a22001697a 4500
005 - DATE AND TIME OF LATEST TRANSACTION
control field 20260226175155.0
008 - FIXED-LENGTH DATA ELEMENTS--GENERAL INFORMATION
fixed length control field 260226s2006 enk||||| |||| 00| 0 eng d
020 ## - INTERNATIONAL STANDARD BOOK NUMBER
International Standard Book Number 9781403998767x
041 ## - LANGUAGE CODE
Language code of text/sound track or separate title eng
080 ## - UNIVERSAL DECIMAL CLASSIFICATION NUMBER
Universal Decimal Classification number 005.93 :658.5 :338.24](520) A-13
100 ## - MAIN ENTRY--PERSONAL NAME
Personal name Abegglen, James C.
9 (RLIN) 27000
245 ## - TITLE STATEMENT
Title 21st century Japanese management :
Remainder of title new systems, lasting values /
Statement of responsibility, etc. James C. Abegglen.
264 ## - PRODUCTION, PUBLICATION, DISTRIBUTION, MANUFACTURE, AND COPYRIGHT NOTICE
Place of production, publication, distribution, manufacture New York :
Name of producer, publisher, distributor, manufacturer Palgrave Macmillan,
Date of production, publication, distribution, manufacture, or copyright notice 2006.
440 ## - SERIES STATEMENT/ADDED ENTRY--TITLE
Title Journal of Intern. business studies
9 (RLIN) 27001
653 ## - INDEX TERM--UNCONTROLLED
keyword წარმოების მენეჯმენტი იაპონიაში
942 ## - ADDED ENTRY ELEMENTS (KOHA)
Source of classification or shelving scheme
Koha item type წიგნი
ეგზემპლარები
Withdrawn status Lost status Source of classification or shelving scheme Damaged status Not for loan Permanent Location Current Location Shelving location Date acquired Cost, normal purchase price Full call number Barcode Date last seen Copy number Uniform Resource Identifier Price effective from Koha item type Public note
          ბათუმის შოთა რუსთაველის სახელმწიფო უნივერსიტეტის მთავარი ბიბლიოთეკა ბათუმის შოთა რუსთაველის სახელმწიფო უნივერსიტეტის მთავარი ბიბლიოთეკა წიგნსაცავი 2026-02-26 12.00 005.93 :658.5 :338.24](520) A-13 73834 2026-02-26 73834 იაპონიის ელჩის საჩუქარი 2026-02-26 წიგნი 12 ლ.